Benefits Magazine

Detalles Bibliográficos
Formato: eBook
Lenguaje:inglés
Publicado: Brookfield: International Foundation of Employee Benefit Plans, 2018 -
Materias:
Acceso en línea:Acceso restringido

MARC

LEADER 00000nam a22000007a 4500
005 20191016230325.0
007 cr|||| ||||
008 191016c20189999us mr|w s|||| 0|||b1eng d
022 |a 2157-6157 
035 |a 22416 
040 |a vLex 
090 |c 9865  |d 9865 
245 0 0 |a Benefits Magazine  |h [Recurso electrn̤ico] / 
256 |a Servicio en ln̕ea 
260 |a Brookfield:  |b International Foundation of Employee Benefit Plans,  |c 2018 - 
300 |a 1 recurso electrn̤ico 
310 |a Mensual 
506 1 |a Disponible solo en los productos indicados  |d vLex Global  |d vLex Global (Academic Edition, excluding Law Schools)  |d vLex Global (Academic Edition, Law Schools) 
650 0 4 |a Economa̕ y negocios  |z Estados Unidos 
740 0 |a vLex Revistas (Servicio en ln̕ea) 
856 4 0 |u http://vlex.com/source/22416  |z Acceso restringido 
942 |c REV 
999 0 |a Social sciences